Records of the zoological survey of India: on a collection of birds from adilabad district (Record no. 499213)

000 -LEADER
fixed length control field 00371cam a22001097a 4500
008 - FIXED-LENGTH DATA ELEMENTS--GENERAL INFORMATION
fixed length control field 180718b1984 xxu||||| |||| 00| 0 eng d
082 ## - DEWEY DECIMAL CLASSIFICATION NUMBER
Classification number Y73x5451 M289
100 ## - MAIN ENTRY--PERSONAL NAME
Personal name Majumdar, N.
245 ## - TITLE STATEMENT
Title Records of the zoological survey of India: on a collection of birds from adilabad district
Statement of responsibility, etc. by N. Majumdar
260 ## - PUBLICATION, DISTRIBUTION, ETC.
Place of publication, distribution, etc. Calcutta
Name of publisher, distributor, etc. Zoological Survey of India
Date of publication, distribution, etc. 1984
300 ## - PHYSICAL DESCRIPTION
Extent 63p.
Holdings
Withdrawn status Lost status Damaged status Not for loan Permanent Location Current Location Date acquired Full call number Barcode Date last seen Price effective from Koha item type
        Indian Institute of Public Administration Indian Institute of Public Administration 2018-08-04 Y73x5451 M289 G19342 2018-08-04 2018-08-04 G

Powered by Koha